Premeny potravinových vertikál na Slovensku

Otvárací prejav ministra pôdohospodárstva SR na seminári Svetovej banky a VÚEPP (8. júna 2005 na VÚEPP v Bratislave). Vplyv Spoločnej poľnohospodárskej politiky EÚ na vývoj nášho agropotravinárskeho odvetvia. Podiel agropotravinárstva na tvorbe HDP, investície zo zahraničných zdrojov, agropotravinár...

Descripción completa

Guardado en:
Detalles Bibliográficos
Autor principal: Simon, Zsolt
Formato: Capítulo de libro
Lenguaje:eslovaco
Materias:
Etiquetas: Agregar Etiqueta
Sin Etiquetas, Sea el primero en etiquetar este registro!

MARC

LEADER 00000naa$a2200000$$$4500
001 0037884
005 20231018090818.8
041 0 |a slo 
044 |a SK 
245 1 0 |a Premeny potravinových vertikál na Slovensku  |c Zsolt Simon 
520 |a Otvárací prejav ministra pôdohospodárstva SR na seminári Svetovej banky a VÚEPP (8. júna 2005 na VÚEPP v Bratislave). Vplyv Spoločnej poľnohospodárskej politiky EÚ na vývoj nášho agropotravinárskeho odvetvia. Podiel agropotravinárstva na tvorbe HDP, investície zo zahraničných zdrojov, agropotravinársky vývoz. Znižovanie podielu prvovýrobcov na cene konečného výrobku pre spotrebiteľa. Zosilňovanie spojenia medzi prvovýrobcami, spracovateľmi a obchodníkmi. Organizovanie prepravných tokov (logistiky) medzi jednotlivými partnermi. Vertikálna integrácia v agropotravinárstve. 
610 2 0 |a poľnohospodárstvo 
610 2 0 |a potravinárstvo 
610 2 0 |a agropotravinárstvo 
610 2 0 |a integrácia vertikálna 
610 2 0 |a Slovensko 
610 2 0 |a investície zo zahraničia 
610 2 0 |a vývoz 
610 2 0 |a vzťahy trhové 
610 2 0 |a vzťahy zmluvné 
610 2 0 |a 2004 
610 2 0 |a semináre 
100 1 |a Simon, Zsolt